5HLuxD.jpg

KING HENRY VIII SENIOR AND PRIMARY SCHOOL LIBRARY OPAC

Meg, Mog and Og / (Record no. 2148)

000 -LEADER
fixed length control field 01047cam a2200277 a 4500
001 - CONTROL NUMBER
control field (Sirsi) a737035
003 - CONTROL NUMBER IDENTIFIER
control field OSt
005 - DATE AND TIME OF LATEST TRANSACTION
control field 20230313110632.0
008 - FIXED-LENGTH DATA ELEMENTS--GENERAL INFORMATION
fixed length control field 111226s2003 enka b 000 1 eng d
020 ## - INTERNATIONAL STANDARD BOOK NUMBER
International Standard Book Number 9780140569384 (pbk.) :
040 ## - CATALOGING SOURCE
Original cataloging agency CHA
Language of cataloging eng
Transcribing agency TAE
Modifying agency KH8
042 ## - AUTHENTICATION CODE
Authentication code nbic
082 0# - DEWEY DECIMAL CLASSIFICATION NUMBER
Classification number 823.914 NIC
100 1# - MAIN ENTRY--PERSONAL NAME
Personal name Nicoll, Helen,
Dates associated with a name 1937-
245 10 - TITLE STATEMENT
Title Meg, Mog and Og /
Statement of responsibility, etc. by Helen Nicoll and [illustrated by] Jan Pienkowski.
246 34 - VARYING FORM OF TITLE
Title proper/short title Meg, Mog & Og.
260 ## - PUBLICATION, DISTRIBUTION, ETC.
Place of publication, distribution, etc. London :
Name of publisher, distributor, etc. Puffin,
Date of publication, distribution, etc. 2003.
300 ## - PHYSICAL DESCRIPTION
Extent [32] p. :
Other physical details col. ill. ;
Dimensions 21 cm.
490 0# - SERIES STATEMENT
Series statement Meg and Mog books.
520 ## - SUMMARY, ETC.
Summary, etc. Crom the caveman has caught Og the woolly mammoth for his tea but Meg is a vegetarian! She persuades him to eat her delicious bubble and squeak. Og is rather partial to it too and follows Meg home for another trunkful.
521 1# - TARGET AUDIENCE NOTE
Target audience note 4-8.
650 #0 - SUBJECT ADDED ENTRY--TOPICAL TERM
Topical term or geographic name entry element Meg (Fictitious character : Nicoll)
Form subdivision Juvenile fiction.
650 #0 - SUBJECT ADDED ENTRY--TOPICAL TERM
Topical term or geographic name entry element Mog (Fictitious character : Nicoll)
Form subdivision Juvenile fiction.
700 1# - ADDED ENTRY--PERSONAL NAME
Personal name Pienkowski, Jan.
Relator term author
942 ## - ADDED ENTRY ELEMENTS (KOHA)
Source of classification or shelving scheme
Koha item type Books - Non Ficton
Holdings
Withdrawn status Lost status Source of classification or shelving scheme Damaged status Not for loan Collection code Permanent Location Current Location Shelving location Date acquired Total Checkouts Full call number Barcode Date last seen Date last checked out Price effective from Koha item type
          Non-Fiction KH8 Primary School Library KH8 Primary School Library Non Fiction 2023-03-13 19 823.914 NIC KHPL000003880 2026-04-09 2026-03-10 2023-03-13 Books - Non Ficton

Powered By KH8 IT Dept